ბათუმის შოთა რუსთაველის სახელმწიფო უნივერსიტეტის ბიბლიოთეკა

ჩანაწერი Corporate Name

ჩანაწერთა რაოდენობა, რომელიც გამოყენებულია: 1

001 - CONTROL NUMBER

  • control field: 22049

003 - CONTROL NUMBER IDENTIFIER

  • control field: GE_BSU

005 - DATE AND TIME OF LATEST TRANSACTION

  • control field: 20240502130007.0

008 - FIXED-LENGTH DATA ELEMENTS

  • fixed length control field: 240502|| aca||aabn | a|a d

040 ## - CATALOGING SOURCE

  • Original cataloging agency: GE_BSU
  • Transcribing agency: GE_BSU

110 ## - HEADING--CORPORATE NAME

  • Corporate name or jurisdiction name as entry element: ბათუმის შოთა რუსთაველის სახელმწიფო უნივერსიტეტი
  • Subordinate unit: სოციალ. მეცნ., ბიზნ. და სამართალმცოდნ. ფაკ-ტი, ეკონ. პოლიტ. და ბიზნ. ადმინისტრირების დეპარტამენტი.

670 ## - SOURCE DATA FOUND

  • Source citation: Work cat.: (GE_BSU)41676: გეჩბაია, ბადრი 22047, კავკასიის რეგიონის ეკონომიკის პრიორიტეტები და ტენდენციები გლობალიზაციის ხანაში :